000 00731nam a2200181 a 4500
008 081107s2000 ||||||||||||||||| || u
020 _a0821349333
050 _aIBRD-MIGA(08)
110 _aMultilateral Investment Guarantee Agency
245 1 0 _aCreating an investment promotion strategy: Multilateral Investment Guarantee Agency; investment promotion toolkit -- module 3
260 _aWashington D.C.:
_bWorld Bank
_c2000
300 _a27p.: ill.
350 _a0.00
650 _aINVESTMENTS
650 _aINVESTMENT BANKING
710 _aWorld Bank
995 _D0.00
_FCBU-MAIN LIBRARY (Kitwe)
_H1
_I0.00
_M1
_UAVAILABLE
_WNov 7, 2008
_ZInternational Publications
999 _c39124
_d39124